Movies of 1988 Quiz Stats

 Plays Quiz Updated Nov 26, 2014

Also try: Movies of 1989
Challenge
Share
Tweet
Score 0/16 Timer 06:00
3 Plays Today
Picture Movie % Correct
Who Framed Roger Rabbit
94%
Die Hard
93.9%
Beetlejuice
90.7%
Child's Play
88.4%
Rain Man
88.4%
Twins
87.7%
Coming to America
84%
Big
83.5%
Picture Movie % Correct
The Land Before Time
73.2%
The Naked Gun: From the Files of Police Squad!
71.3%
Scrooged
61%
Dirty Rotten Scoundrels
45.5%
A Fish Called Wanda
42.2%
Oliver & Company
36.2%
My Neighbor Totoro
23.1%
Heathers
21.4%

You're not logged in!

Compare scores with friends on all Sporcle quizzes.
OR
Log In

You Might Also Like...

Show Comments

Extras

Top Quizzes Today


Score Distribution

Your Account Isn't Verified!

In order to create a playlist on Sporcle, you need to verify the email address you used during registration. Go to your Sporcle Settings to finish the process.

Report this User

Report this user for behavior that violates our Community Guidelines.

Details: